Drown - Bring Me the Horizon - Statistics

General Stats
  • This quiz has been taken 48 times
  • The average score is 264 of 287
Answer Stats
Answer % Correct
do
100%
Don't
100%
drown
100%
I
100%
is
100%
It
100%
it
100%
it's
100%
let
100%
make
100%
me
100%
my
100%
were
100%
you
100%
a
92%
again?
92%
alright
92%
and
92%
And
92%
bury
92%
can't
92%
comes
92%
dead
92%
deeper
92%
doesn't
92%
down?
92%
drag
92%
Drag
92%
fix
92%
from
92%
getting
92%
Got
92%
harder
92%
haunting
92%
hold
92%
Hold
92%
hole
92%
home
92%
I'm
92%
in
92%
kill
92%
loneliness
92%
makes
92%
moment
92%
more
92%
myself
92%
not
92%
now?
92%
of
92%
okay
92%
on
92%
one
92%
Save
92%
soul
92%
take
92%
The
92%
the
92%
this
92%
to
92%
up
92%
waves
92%
weight
92%
What
92%
when
92%
Who
92%
will
92%
wish
92%
alive?
83%
breath
83%
bring
83%
close
83%
eyes
83%
fight?
83%
out
83%
own
83%
world's
83%
broken
75%
Dive
75%
growing
75%
instead
75%
know
75%
leaves
75%
silence
75%
that
75%
Won't
75%
Cause
67%
destroy
67%
lake
58%
No matching quizzes found
Score Distribution
Percent of People with Each Score
Percentile by Number Answered
Your Score History
You have not taken this quiz